| 000 | 01154nam a22002537a 4500 | ||
|---|---|---|---|
| 005 | 20170124103041.0 | ||
| 010 | _aB-036858 | ||
| 020 | _c200.00 | ||
| 035 | _aB-036858 | ||
| 037 | _bCen Lib/Ret | ||
| 040 |
_aDPL _bHN |
||
| 082 |
_aउ _bदोस्तोये |
||
| 100 |
_aदोस्तोयेव्स्की, फ़्योदोर _967369 |
||
| 245 |
_aदरिद्र नारायण : _cफ़्योदोर दोस्तोयेव्स्की _bरजत रातें / |
||
| 246 |
_aDaridra Narayana : rajat raaten / _bby Fyodor Dostoyevaski |
||
| 260 |
_aदिल्ली _bयुगबोध साहित्य _c2001 |
||
| 270 |
_a518/6, बी, कड़कड़ी रोड, विश्वास नगर, शाहदरा _bदिल्ली _e110032 |
||
| 300 |
_a200पृ. _c21सेमी(सजिल्द ) |
||
| 650 |
_aहिंदी साहित्य _x _z _967370 |
||
| 650 |
_aहिंदी -- उपन्यास _967371 |
||
| 650 |
_aHindi literature _v _967372 |
||
| 650 |
_aHindi -- Fiction _927248 |
||
| 942 |
_2ddc _cHN _hउ _mदोस्तोये |
||
| 999 |
_c116607 _d116607 |
||